01573cam a22003617a 4500008004100000020002900041040001500070049000900085090001500094110009300109245011000202260003800312300006000350336002600410337002500436338002300461440005600484500002000540504004100560505018400601650003400785650004400819650003200863700002900895700001700924710004000941907003500981003000101016005001701017942002201034999001901056952013601075  a9781855781825 (hardback) aNUSTcNUST aMAIN aQH345bBIO2 aBiochemical Society (Great Britain).bSymposiumn(77th :d2009 :cUniversity of Chester)10aOrganelle biogenesis and positioning in plants /corganized and edited by David E. Evans and Chris Hawes. aLondon :bPortland Press,cc2010. axvi, 182 pages :billustrations (some colour) ;c26 cm. atextbtxt2rdacontent aunmediated2rdamedia avolume2rdacarrier aBiochemical Society symposium,x0067-8964 ;vno.77. aIncludes index. aIncludes bibliographical references. aBased on papers presented at the 2009 Biochemical Society Annual Symposium entitled "Organelle biogenesis and positioning in plants", held at University of Chester, December 2009. 0aPlant organellesvCongresses. 0aCell organellesxFormationvCongresses. 0aPlant geneticsvCongresses.1 aEvans, D. E.q(David E.)1 aHawes, C. R.2 aBiochemical Society (Great Britain) a.b1039932xb12-04-21c11-02-2020230123141150.0 cBOOKSkQH345mBIO c168793d168793 r2023-01-23 00:00:00l0oQH345 ORGp92004046854v80.00w2023-01-23yBOOKS102LCC40708NFIC00aMAINbMAINcGENd2023-01-23g80.00